• 首页
  • 本馆介绍
  • 公告通知
  • 最新文献
  • 馆藏检索
  • 电子资源
  • 读者导购
  • 参考咨询
  • 我的图书馆
  • 登录
  • 详细信息显示
  • 放入我的书架
  • 预约/预借图书
  • 作者相关作品
  • 分类相关作品
  • 丛书相关作品
  • 出版社相关作品

书目信息

  • 表格格式
  • 工作单格式
  • 卡片格式
题名:
全能记者必备
    
 
作者: 莱特尔 , 哈里斯 , 约翰逊 著 ;宋铁军 译
分册:  
出版信息: 北京   中国人民大学出版社  2010
页数: 408页
开本: 28cm
丛书名: 新闻与传播学译丛·国外经典教材系列
单 册:
中图分类: G212 , G213
科图分类:
主题词: 新闻采访--教材 , 新闻写作--教材 , 新闻编辑--教材 , 新闻采访 , 新闻写作 , 新闻编辑
电子资源:
ISBN: 978-7-300-11904-5
000 01899oam2 2200409 45
001 1132108968
005 20110314084624.39
010    @a978-7-300-11904-5@dCNY64.00
100    @a20110121d2010 em y0chiy50 ea
101 1  @achi@ceng
102    @aCN@b110000
105    @aa z 001yy
106    @ar
200 1  @a全能记者必备@AQuan Neng Ji Zhe Bi Bei@e新闻采集、写作和编辑的基本技能@EXin Wen Cai Ji、 Xie Zuo He Bian Ji De Ji Ben Ji Neng@dThe complete reporter:fundamentals of news gathering, writing and editing@f(美)凯利·莱特尔(Kelly Leiter),(美)朱利安·哈里斯(Julian Harriss),(美)斯坦利·约翰逊(Stanley Johnson)著@F( Mei ) Kai Li· Lai Te Er (Kelly Leiter),( Mei ) Zhu Li An· Ha Li Si (Julian Harriss),( Mei ) Si Tan Li· Yue Han Xun (Stanley Johnson) Zhu@g宋铁军译@zeng
210    @a北京@c中国人民大学出版社@d2010
215    @a408页@c图@d28cm
225 2  @a新闻与传播学译丛·国外经典教材系列
305    @a据原书第7版译出
306    @a培生教育出版公司授权与中国人民大学出版社合作出版
330    @a本书内容包括:当代新闻报道、新闻导语写作、完整的报道、一般新闻的写作、简单新闻的写作、复杂新闻的写作、特殊新闻的写作、编辑新闻。
461  0 @12001 @a新闻与传播学译丛·国外经典教材系列
510 1  @aComplete reporter@efundamentals of news gathering, writing and editing@zeng
517 1  @a新闻采集、写作和编辑的基本技能@AXin Wen Cai Ji、 Xie Zuo He Bian Ji De Ji Ben Ji Neng
606 0  @a新闻采访@j教材
606 0  @a新闻写作@j教材
606 0  @a新闻编辑@j教材
606 0  @a新闻采访
606 0  @a新闻写作
606 0  @a新闻编辑
690    @aG212@v4
690    @aG213@v4
701  1 @a莱特尔@ALai Te Er@g(Leiter, Kelly)@4著
701  1 @a哈里斯@AHa Li Si@g(Harriss, Julian)@4著
701  1 @a约翰逊@AYue Han Xun@g(Johnson, Stanley)@4著
702  0 @a宋铁军@ASong Tie Jun@f(196?~)@4译
801  0 @aCN@bTANGWEI@c20110314
905    @b0532709-12@dG212@e443@f4
    
    全能记者必备:新闻采集、写作和编辑的基本技能=The complete reporter:fundamentals of news gathering, writing and editing/(美)凯利·莱特尔(Kelly Leiter),(美)朱利安·哈里斯(Julian Harriss),(美)斯坦利·约翰逊(Stanley Johnson)著/宋铁军译.-北京:中国人民大学出版社,2010
    408页:图;28cm.-(新闻与传播学译丛·国外经典教材系列)
    
    
    ISBN 978-7-300-11904-5:CNY64.00
    本书内容包括:当代新闻报道、新闻导语写作、完整的报道、一般新闻的写作、简单新闻的写作、复杂新闻的写作、特殊新闻的写作、编辑新闻。
●
相关链接 在E读中查询图书 在五车中查询图书 在当当中查询图书 在豆瓣中查询图书


正题名:全能记者必备     索取号:G212/443         预约/预借

序号 登录号 条形码 馆藏地/架位号 状态 备注
1 0532709   205327092   第一样本阅览室/ [索取号:G212/443] 在馆    
2 0532710   205327109   第四借阅区/ [索取号:G212/443] 在馆    
3 0532711   205327118   第四借阅区/ [索取号:G212/443] 在馆    
4 0532712   205327127   密集书库-文学院/ [索取号:G212/443] 在馆    
唐山师范学院图书馆 欢迎您!
大连网信软件有限公司© 版权所有